00579nam a22001817a 450000500170000001000140001702000260003103500130005703700130007008200130008310000180009624501070011426000400022127000650026130000270032650000190035370000250037220100802123447.0 aENG-97664 a9788131721827c275.00 aEN-81197 bDBAD/PUB a658.4012 aKoch, Richard aSimply strategy : bthe shortest route to the best strategy /cby Richard Koch and Peter Nieuwenhuizen aNew DelhibDorling Kindersleyc2008 a14 Local Shopping Centre, Panchsheel ParkbNew Delhie110017 axiv, 213p.c24cm (pbk) aIncludes index aNieuwenhuizen, Peter